All Georgia's Premier League Players Ever - Statistics

General Stats
  • This quiz has been taken 11 times
  • The average score is 2 of 5
Answer Stats
# Year Team(s) Player % Correct
102 1995–96, 1999–2002 Manchester City, Derby County Georgi Kinkladze
78%
2 2000–01 Chelsea Rati Aleksidze
56%
78 1997–2000 Newcastle United Temuri Ketsbaia
56%
62 2005–09 Blackburn Rovers Zurab Khizanishvili
33%
4 1995–96 Manchester City Mikhail Kavelashvili
22%
No matching quizzes found
Score Distribution
Percent of People with Each Score
Percentile by Number Answered
Your Score History
You have not taken this quiz